| 000 | 00649nam a22002417a 4500 | ||
|---|---|---|---|
| 003 | UA-OsUOA | ||
| 001 | 20461 | ||
| 007 | ta | ||
| 008 | 20031029b un ||||| |||| 00| 0 ukr d | ||
| 100 | _aМарков С. | ||
| 090 |
_a910.4(40+571:798) _bМ41 |
||
| 942 | _cBK | ||
| 040 |
_aUA-OsUOA _brus _cUA-OsUOA _dUA-OsUOA |
||
| 245 | _aРусские на Аляске | ||
| 300 | _a152 с. | ||
| 955 | _a0 | ||
| 041 | _arus | ||
| 080 | _a910.4(40+571:798) | ||
| 260 |
_aМосква _bВоенное изд-во Министерства вооруженных сил Союза ССР _c1946 |
||
| 044 | _aRU | ||
| 650 | 7 | _2UDC | |
| 999 |
_c306638 _d306638 |
||